| 000 | 00467nam a2200169Ia 4500 | ||
|---|---|---|---|
| 008 | 230917s9999||||xx |||||||||||||| ||und|| | ||
| 020 | _cRS995 | ||
| 040 |
_e212128 _aMAIN |
||
| 041 | _aEnglish | ||
| 082 | _a327.51 D271E | ||
| 100 | _aDevare, Sudhir T, ed. | ||
| 245 | 0 | _aEmerging China: Prospects for partnership in Asia | |
| 260 |
_aNew Delhi _bRoutledge _c2012 |
||
| 300 | _axxii, 413 p. | ||
| 500 | _a4197 20/11/2013 5527 25/11/2013 Main Budget | ||
| 942 | _cBK | ||
| 999 |
_c34291 _d34291 |
||